000 00220nam a2200097Ia 4500
008 170619s9999 xx 000 0 und d
100 _aGupta- B.L
245 0 _aEngineering Hydrology
260 _bStandarrd Pub.
260 _c2012
546 _aENGLISH
999 _c21589
_d21589